000 00290nam a2200121 i 4500
001 bg
245 0 _aProblemy integracji transportowej poszczególnych krajów.
260 _aSzczecin,
_c1976.
040 _cBPK
041 _apol
942 _cKS
008 s pl f |000 0 pol
999 _c17027
_d17027
856 _uhttp://koha.tu.koszalin.pl/cgi-bin/koha/opac-detail.pl?biblionumber=17027
_yKatalog online BPK